Rozsypanka literowa - miasta w województwie lubelskim - Statystyki

Ogólne statystyki
  • Ten quiz został rozwiązany 25 razy
  • Średni wynik to 12 z 15
Statystyki odpowiedzi
Rozsypanka Miasto % Poprawnych
łgobarji Biłgoraj
100%
blluin Lublin
100%
ikyr Ryki
100%
wkuół Łuków
96%
łdwwaoa Włodawa
96%
błplod aiasak Biała Podlaska
92%
yupwła Puławy
92%
wróbezsiuh Hrubieszów
88%
rakkiśn Kraśnik
88%
akrynssawt Krasnystaw
88%
ewzacrp Parczew
71%
lbupoo ellekies Opole Lubelskie
63%
ploseert Terespol
58%
cispzacz Piszczac
33%
oatwinopa Poniatowa
33%
Nie znaleziono quizów pasujących do podanych kryteriów
Rozkład punktacji
Procent ludzi z każdym wynikiem
Percentyl według liczby udzielonych odpowiedzi
Twoja historia wyników
Nie rozwiązałeś tego quizu